[Event "HUN-chT2 Barcza 1415"]
[Site "Hungary"]
[Date "2014.11.16"]
[Round "4.1"]
[White "Boer, Levente"]
[Black "Eberth, Zoltan"]
[Result "1/2-1/2"]
[WhiteElo "2256"]
[BlackElo "2128"]
[PlyCount "121"]
[EventDate "2014.09.07"]
[EventType "team-tourn"]
[EventRounds "11"]
[EventCountry "HUN"]
[SourceTitle "EXT 2016"]
[Source "ChessBase"]
[SourceDate "2015.10.08"]
[SourceVersion "1"]
[SourceVersionDate "2015.10.08"]
[SourceQuality "1"]
[WhiteTeam "Tiszavasvar"]
[BlackTeam "Mezokovesd"]
[WhiteTeamCountry "HUN"]
[BlackTeamCountry "HUN"]

1. e4 d5 2. exd5 Qxd5 3. Nc3 Qa5 4. d4 Bf5 5. Nf3 e6 6. Bc4 Nf6 7. 0-0 c6 8. Bf4 Nbd7 9. Qe2 Bb4 10. Bb3 Bg4 11. h3 Qf5 12. hxg4 Qxf4 13. g5 Ng4 14. Ne4 g6 15. g3 Qc7 16. Nh4 h5 17. f3 Bd6 18. Kg2 Nh6 19. gxh6 0-0-0 20. f4 Be7 21. Nf3 h4 22. Nfg5 Rdf8 23. Rh1 Rxh6 24. Qf3 Qb6 25. Rad1 a5 26. Rxh4 Rxh4 27. gxh4 a4 28. Bxa4 Qxb2 29. Bb3 Qa3 30. Qd3 Qa5 31. Qh3 Rh8 32. Nxf7 Rxh4 33. Nfd6+ Kc7 34. Ne8+ Kd8 35. Qf3 Kxe8 36. Bxe6 Nf8 37. Bb3 Qf5 38. Re1 Kd8 39. Ng3 Qh3+ 40. Kf2 Qh2+ 41. Kf1 Bd6 42. Re4 Qd2 43. Qe2 Rxf4+ 44. Kg2 Qxe2+ 45. Rxe2 Rg4 46. Re3 Bxg3 47. Rxg3 Rxd4 48. Kf3 Ke7 49. Ke3 Rd6 50. Rg4 b6 51. a4 Rf6 52. c3 Nd7 53. Bc2 Ne5 54. Rg5 Re6 55. Kf4 Kf6 56. Be4 c5 57. Bc2 c4 58. Be4 Re7 59. Bc2 Nd3+ 60. Bxd3 cxd3 61. Rd5 1/2-1/2

[Event "HUN-chT2 Barcza 0405"]
[Site "Hungary"]
[Date "2005.02.06"]
[Round "7"]
[White "Gal, Tamas"]
[Black "Boer, Levente"]
[Result "1-0"]
[WhiteElo "2080"]
[BlackElo "2284"]
[PlyCount "60"]
[EventDate "2004.09.26"]
[EventType "team"]
[EventRounds "11"]
[EventCountry "HUN"]
[SourceTitle "EXT 2009"]
[Source "ChessBase"]
[SourceDate "2008.11.26"]
[SourceVersion "1"]
[SourceVersionDate "2008.11.26"]
[SourceQuality "1"]
[WhiteTeam "Piremon II"]
[BlackTeam "Tiszaujvaros"]
[WhiteTeamCountry "HUN"]
[BlackTeamCountry "HUN"]

1. d4 d5 2. c4 e6 3. Nc3 Nf6 4. Bg5 Be7 5. cxd5 exd5 6. Qc2 0-0 7. e3 Re8 8. Bd3 h6 9. Bh4 c5 10. Nf3 Nc6 11. 0-0 b6 12. a3 Bb7 13. Rac1 a6 14. dxc5 bxc5 15. Rfd1 Na5 16. Rb1 Qc7 17. Bg3 Bd6 18. Bxd6 Qxd6 19. b4 cxb4 20. axb4 Nc6 21. Qb3 Ne5 22. Be2 Rac8 23. Na4 Nxf3+ 24. Bxf3 Bc6 25. Nc5 a5 26. Nd3 Rb8 27. Qc3 Rec8 28. Qa3 Ra8 29. Qb2 Rcb8 30. Qd4 Rb5 1-0

[Event "HUN-chT2 Barcza 0405"]
[Site "Hungary"]
[Date "2004.12.05"]
[Round "4"]
[White "Boer, Levente"]
[Black "Lengyel, Ferenc"]
[Result "1-0"]
[WhiteElo "2284"]
[BlackElo "2248"]
[PlyCount "79"]
[EventDate "2004.09.26"]
[EventType "team"]
[EventRounds "11"]
[EventCountry "HUN"]
[SourceTitle "EXT 2009"]
[Source "ChessBase"]
[SourceDate "2008.11.26"]
[SourceVersion "1"]
[SourceVersionDate "2008.11.26"]
[SourceQuality "1"]
[WhiteTeam "Tiszaujvaros"]
[BlackTeam "Hajduszoboszlo"]
[WhiteTeamCountry "HUN"]
[BlackTeamCountry "HUN"]

1. e4 c5 2. Nf3 Nc6 3. d4 cxd4 4. Nxd4 g6 5. c4 Nf6 6. Nc3 Nxd4 7. Qxd4 Bg7 8. e5 Ng8 9. Bf4 Nh6 10. Be2 Nf5 11. Qd2 h5 12. Rd1 e6 13. 0-0 Qa5 14. Rfe1 0-0 15. Bd3 b6 16. Be4 Rb8 17. Bxf5 exf5 18. e6 Rb7 19. e7 Re8 20. Bd6 b5 21. b4 Bxc3 22. Qxc3 Qxa2 23. c5 f6 24. Qxf6 Qf7 25. Qxf7+ Kxf7 26. Ra1 g5 27. f3 Kf6 28. Kf2 Kf7 29. f4 g4 30. Kg3 Kg6 31. h3 Kf6 32. Re5 Kg6 33. hxg4 hxg4 34. Ree1 Kf6 35. Rh1 Kg6 36. Rh4 Kf7 37. Rh7+ Ke6 38. Rah1 a5 39. Rh8 Rxe7 40. Re1+ 1-0

[Event "HUN-chT2 Barcza 0405"]
[Site "Hungary"]
[Date "2004.10.10"]
[Round "2"]
[White "Boer, Levente"]
[Black "Karolyfalvi, Zoltan"]
[Result "0-1"]
[WhiteElo "2284"]
[BlackElo "2206"]
[PlyCount "80"]
[EventDate "2004.09.26"]
[EventType "team"]
[EventRounds "11"]
[EventCountry "HUN"]
[SourceTitle "EXT 2009"]
[Source "ChessBase"]
[SourceDate "2008.11.26"]
[SourceVersion "1"]
[SourceVersionDate "2008.11.26"]
[SourceQuality "1"]
[WhiteTeam "Tiszaujvaros"]
[BlackTeam "Kazincbarcika"]
[WhiteTeamCountry "HUN"]
[BlackTeamCountry "HUN"]

1. e4 b6 2. d4 e6 3. Nf3 Bb7 4. Bd3 Nf6 5. Qe2 d5 6. e5 Nfd7 7. 0-0 Be7 8. Nbd2 c5 9. c3 Nc6 10. Re1 g5 11. h3 h5 12. g4 hxg4 13. hxg4 Qc7 14. Nf1 0-0-0 15. Ng3 Rdg8 16. b3 Rh4 17. Nxh4 gxh4 18. Nh5 cxd4 19. cxd4 Nxd4 20. Qd1 Nxe5 21. Bf4 Nef3+ 22. Kh1 Bd6 23. Rc1 Bc6 24. Be3 Nxe1 25. Ba6+ Kb8 26. Bxd4 Bc5 27. Qxe1 Bxd4 28. Bb5 Bc5 29. Nf6 d4+ 30. Kg1 h3 31. Bxc6 Qxc6 32. Qe5+ Kb7 33. Qg3 Rh8 34. Nh5 Bd6 35. Rxc6 Bxg3 36. Rc2 Bd6 37. Rd2 e5 38. f3 Rc8 39. Nf6 Rc1+ 40. Kf2 h2 0-1

[Event "Miskolc Avas op"]
[Site "Miskolc"]
[Date "2003.08.15"]
[Round "3"]
[White "Dovzik, Juri"]
[Black "Boer, Levente"]
[Result "1/2-1/2"]
[WhiteElo "2382"]
[BlackElo "2239"]
[PlyCount "84"]
[EventDate "2003.08.14"]
[EventType "swiss"]
[EventRounds "7"]
[EventCountry "HUN"]
[SourceTitle "EXT 2005"]
[Source "ChessBase"]
[SourceDate "2004.11.15"]
[SourceVersion "1"]
[SourceVersionDate "2004.11.15"]
[SourceQuality "1"]

1. Nf3 c5 2. c4 Nc6 3. Nc3 e6 4. e3 d5 5. d4 Nf6 6. a3 cxd4 7. exd4 Be7 8. c5 0-0 9. Bd3 b6 10. b4 bxc5 11. bxc5 e5 12. dxe5 Ng4 13. 0-0 Ncxe5 14. Nxe5 Nxe5 15. Bxh7+ Kxh7 16. Qh5+ Kg8 17. Qxe5 Bf6 18. Qg3 Ba6 19. Rd1 Re8 20. Rb1 Qa5 21. Bb2 Bc4 22. h3 d4 23. Rdc1 dxc3 24. Bxc3 Bxc3 25. Rxc3 Re4 26. c6 Rc8 27. Rb8 Be6 28. Rd3 Kh7 29. Rxc8 Bxc8 30. Kh2 Qe5 31. Rd8 Qxg3+ 32. Kxg3 Be6 33. Ra8 Ra4 34. c7 Rxa3+ 35. f3 Rc3 36. Rxa7 Kg6 37. h4 Rc2 38. Rb7 Kf6 39. Ra7 Ke5 40. Ra5+ Bd5 41. Ra7 Kd6 42. Ra4 Be6 1/2-1/2

[Event "Condom op 2nd"]
[Site "Condom"]
[Date "2003.07.13"]
[Round "2"]
[White "Horvath, Adam"]
[Black "Boer, Levente"]
[Result "1-0"]
[WhiteElo "2503"]
[BlackElo "2239"]
[PlyCount "81"]
[EventDate "2003.07.12"]
[EventType "swiss"]
[EventRounds "9"]
[EventCountry "FRA"]
[SourceTitle "CBM 095 Extra"]
[Source "ChessBase"]
[SourceDate "2003.09.04"]
[SourceVersion "1"]
[SourceVersionDate "2003.09.04"]
[SourceQuality "1"]

1. e4 c5 2. Nf3 e6 3. d4 cxd4 4. Nxd4 a6 5. Bd3 Bc5 6. Nb3 Be7 7. c4 d6 8. Nc3 Nf6 9. 0-0 Qc7 10. f4 Nc6 11. Be3 0-0 12. Rc1 Re8 13. Qf3 Bf8 14. a3 g6 15. Rfd1 Bg7 16. h3 Rb8 17. Bf1 Nd7 18. Qf2 b6 19. Nd2 Bb7 20. b4 Ne7 21. Bd3 f5 22. Bd4 fxe4 23. Ndxe4 e5 24. fxe5 dxe5 25. Be3 Bf8 26. Qa2 Nf5 27. c5+ Kh8 28. cxb6 Nxb6 29. Na4 Bd5 30. Rxc7 Bxa2 31. Bxb6 Bb3 32. Re1 Bxa4 33. Bc5 Red8 34. Bxa6 Nd4 35. Ng5 Bb3 36. Ba7 Ra8 37. b5 h6 38. Nf7+ Bxf7 39. Rxf7 Kg8 40. Rc7 e4 41. Rxe4 1-0

[Event "Zemplen Cup op"]
[Site "Sarospatak"]
[Date "2003.06.29"]
[Round "7"]
[White "Kotan, Ladislav"]
[Black "Boer, Levente"]
[Result "1/2-1/2"]
[WhiteElo "2369"]
[BlackElo "2239"]
[PlyCount "77"]
[EventDate "2003.07.27"]
[EventType "swiss (rapid)"]
[EventRounds "9"]
[EventCountry "HUN"]
[SourceTitle "EXT 2005"]
[Source "ChessBase"]
[SourceDate "2004.11.15"]
[SourceVersion "1"]
[SourceVersionDate "2004.11.15"]
[SourceQuality "1"]

1. e4 c5 2. Nf3 Nc6 3. Bb5 e6 4. 0-0 Nge7 5. c3 d5 6. exd5 Nxd5 7. Ne5 Bd7 8. Bxc6 Bxc6 9. Nxc6 bxc6 10. d4 cxd4 11. Qxd4 Nf6 12. Qa4 Qc7 13. Bf4 Bd6 14. Bxd6 Qxd6 15. Rd1 Qc7 16. Nd2 0-0 17. Nf3 Rfd8 18. h3 h6 19. Re1 Nd5 20. Ne5 c5 21. Re2 Rd6 22. Rae1 Rad8 23. Qe4 Nf6 24. Qf3 Rd2 25. g3 Rxe2 26. Rxe2 Rd5 27. Qe3 Qd6 28. Kg2 Nd7 29. Nc4 Qc6 30. Qf3 Qa6 31. b3 Nf6 32. h4 Qc8 33. Ne5 Qc7 34. Nd3 Qd7 35. Nf4 Rd1 36. c4 Rd4 37. Re3 Rd2 38. Rd3 Rxd3 39. Nxd3 1/2-1/2

[Event "HUN-chT2 Barcza 0203"]
[Site "Hungary"]
[Date "2002.12.08"]
[Round "4"]
[White "Csukas, Tibor"]
[Black "Boer, Levente"]
[Result "0-1"]
[WhiteElo "2006"]
[BlackElo "2237"]
[PlyCount "56"]
[EventDate "2002.09.22"]
[EventType "team"]
[EventRounds "11"]
[EventCountry "HUN"]
[SourceTitle "EXT 2009"]
[Source "ChessBase"]
[SourceDate "2008.11.26"]
[SourceVersion "1"]
[SourceVersionDate "2008.11.26"]
[SourceQuality "1"]

1. d4 Nf6 2. c4 c5 3. d5 b5 4. cxb5 a6 5. b6 Qxb6 6. Nc3 g6 7. e4 d6 8. Bc4 Bg7 9. Qb3 Qc7 10. Nf3 0-0 11. 0-0 Nbd7 12. Qc2 Nb6 13. Be2 Bb7 14. Bg5 Rae8 15. Nd2 Nfd7 16. Be3 e6 17. dxe6 fxe6 18. Nc4 d5 19. Nxb6 Nxb6 20. Bd2 c4 21. Rac1 Be5 22. Na4 Bxh2+ 23. Kh1 Nxa4 24. Qxa4 Bf4 25. Bxf4 Qxf4 26. Rc3 d4 27. Rf3 Qxe4 28. Rxf8+ Rxf8 0-1

[Event "HUN-chT2 Barcza 0203"]
[Site "Hungary"]
[Date "2002.11.24"]
[Round "3"]
[White "Boer, Levente"]
[Black "Kiss, Sandor1111"]
[Result "1-0"]
[WhiteElo "2237"]
[BlackElo "2075"]
[PlyCount "55"]
[EventDate "2002.09.22"]
[EventType "team"]
[EventRounds "11"]
[EventCountry "HUN"]
[SourceTitle "EXT 2009"]
[Source "ChessBase"]
[SourceDate "2008.11.26"]
[SourceVersion "1"]
[SourceVersionDate "2008.11.26"]
[SourceQuality "1"]

1. e4 e5 2. Nf3 Nc6 3. Bb5 a6 4. Ba4 Nf6 5. Qe2 b5 6. Bb3 Be7 7. 0-0 0-0 8. c3 d6 9. Rd1 Bg4 10. h3 Bxf3 11. Qxf3 Na5 12. Bc2 c5 13. d3 Ra7 14. Nd2 Rd7 15. Nf1 d5 16. Ng3 dxe4 17. dxe4 Rxd1+ 18. Bxd1 Nc4 19. Bc2 Nd6 20. Bg5 Nfe8 21. Be3 Nc4 22. Rd1 Qc7 23. Bc1 Nf6 24. b3 Nb6 25. Nf5 Rd8 26. Rf1 Bf8 27. Bg5 Qc6 28. Nh6+ 1-0

[Event "HUN-ch U18"]
[Site "Paks"]
[Date "2000.04.17"]
[Round "4"]
[White "Bokros, Albert"]
[Black "Boer, Levente"]
[Result "1-0"]
[WhiteElo "2505"]
[BlackElo "2189"]
[PlyCount "81"]
[EventDate "2000.04.14"]
[EventType "tourn"]
[EventRounds "9"]
[EventCountry "HUN"]
[SourceTitle "EXT 2004"]
[Source "ChessBase"]
[SourceDate "2003.11.25"]
[SourceVersion "1"]
[SourceVersionDate "2003.11.25"]
[SourceQuality "1"]

1. e4 c5 2. Nf3 e6 3. d4 cxd4 4. Nxd4 a6 5. Bd3 Bc5 6. Nb3 Be7 7. c4 d6 8. 0-0 Nd7 9. Qg4 g6 10. Qe2 b6 11. Nc3 Bb7 12. f4 Qc7 13. f5 Ngf6 14. fxe6 fxe6 15. Nd4 Qc5 16. Be3 Qe5 17. Rad1 0-0 18. Nf3 Qh5 19. h3 Nc5 20. Bc2 a5 21. Bg5 Rad8 22. Qe3 e5 23. Ne2 Nd5 24. exd5 Rxf3 25. Qxf3 Qxf3 26. Rxf3 Bxg5 27. Nc3 Ba6 28. b3 Re8 29. Ne4 Nxe4 30. Bxe4 Rf8 31. Kf2 Bc8 32. Rxf8+ Kxf8 33. Ke2 Ke7 34. a3 Ba6 35. Bd3 Kd7 36. Kf3 Bd8 37. b4 Ke7 38. c5 Bxd3 39. cxd6+ Kxd6 40. Rxd3 axb4 41. axb4 1-0

[Event "HUN-ch U18"]
[Site "Paks"]
[Date "2000.04.15"]
[Round "2"]
[White "Blasko, Istvan"]
[Black "Boer, Levente"]
[Result "1-0"]
[WhiteElo "2321"]
[BlackElo "2189"]
[PlyCount "95"]
[EventDate "2000.04.14"]
[EventType "tourn"]
[EventRounds "9"]
[EventCountry "HUN"]
[SourceTitle "EXT 2004"]
[Source "ChessBase"]
[SourceDate "2003.11.25"]
[SourceVersion "1"]
[SourceVersionDate "2003.11.25"]
[SourceQuality "1"]

1. c4 e5 2. Nc3 Nc6 3. g3 g6 4. Bg2 Bg7 5. d3 d6 6. Rb1 Be6 7. b4 Qd7 8. b5 Nd8 9. e3 Ne7 10. Nd5 0-0 11. Ne2 Nc8 12. 0-0 c6 13. bxc6 bxc6 14. Ndc3 f5 15. Qa4 Ne7 16. f4 Nf7 17. Ba3 g5 18. Rb3 gxf4 19. exf4 Rae8 20. Rfb1 Nd8 21. Rb8 Ng6 22. Ra8 Re7 23. Qb4 Nf7 24. Rxf8+ Kxf8 25. Qb8+ Re8 26. Qb7 Re7 27. Qxc6 exf4 28. Rb8+ Re8 29. Rxe8+ Kxe8 30. gxf4 Bxc3 31. Nxc3 Nxf4 32. Qa8+ Nd8 33. Nb5 Kf7 34. Nxd6+ Kf6 35. Qf3 Nxg2 36. Qxg2 Nf7 37. Bb2+ Ke7 38. Nxf7 Kxf7 39. Qg7+ Ke8 40. Qh8+ Ke7 41. Qxh7+ Kd6 42. Qxd7+ Bxd7 43. Kf2 Bc6 44. Ke3 Bg2 45. d4 Bf1 46. c5+ Ke6 47. h4 Bc4 48. a3 1-0

[Event "Tapolca op"]
[Site "Budapest"]
[Date "2000.01.13"]
[Round "7"]
[White "Boer, Levente"]
[Black "Kukel, Imre1111"]
[Result "1-0"]
[WhiteElo "2189"]
[BlackElo "2174"]
[PlyCount "111"]
[EventDate "2000.01.07"]
[EventType "swiss"]
[EventRounds "9"]
[EventCountry "HUN"]
[SourceTitle "EXT 2001"]
[Source "ChessBase"]
[SourceDate "2000.11.22"]
[SourceVersion "1"]
[SourceVersionDate "2000.11.22"]
[SourceQuality "1"]

1. e4 c5 2. Nf3 d6 3. d4 cxd4 4. Nxd4 Nf6 5. Nc3 g6 6. Be3 Bg7 7. f3 0-0 8. Qd2 Nc6 9. g4 Bd7 10. 0-0-0 Qa5 11. Kb1 Rfc8 12. h4 Ne5 13. h5 Nc4 14. Bxc4 Rxc4 15. hxg6 fxg6 16. Nb3 Qe5 17. Bd4 Qe6 18. g5 Nh5 19. Bxg7 Nxg7 20. e5 Bc6 21. Qh2 Qxe5 22. Qxh7+ Kf7 23. Rde1 Qxg5 24. Ne4 Qf5 25. Rhg1 Qh5 26. Nxd6+ exd6 27. Re7+ Kxe7 28. Qxg7+ Kd8 29. Qg8+ Kc7 30. Qf7+ Kb6 31. Qxc4 Rd8 32. Qd4+ Kc7 33. Qg7+ Rd7 34. Qxg6 Qxg6 35. Rxg6 Bxf3 36. Nd4 Bc6 37. b3 Rh7 38. Kb2 Be4 39. Rf6 a6 40. Re6 d5 41. a4 b6 42. a5 bxa5 43. Rxa6 Kb7 44. Rxa5 Kb6 45. Rb5+ Ka6 46. Rb8 Rc7 47. b4 Ka7 48. Rb5 Ka6 49. Rb8 Ka7 50. Rh8 Rc4 51. c3 Kb7 52. Rh6 Rc7 53. Ne6 Re7 54. Nc5+ Kc7 55. b5 Rh7 56. b6+ 1-0

[Event "Wch U18"]
[Site "Oropesa del Mar"]
[Date "1999.10.29"]
[Round "6"]
[White "Fedorchuk, Sergey A"]
[Black "Boer, Levente"]
[Result "1-0"]
[WhiteElo "2457"]
[BlackElo "2199"]
[PlyCount "81"]
[EventDate "1999.10.24"]
[EventType "swiss"]
[EventRounds "11"]
[EventCountry "ESP"]
[SourceTitle "CBM 072 Extra"]
[Source "ChessBase"]
[SourceDate "1999.11.18"]
[SourceVersion "1"]
[SourceVersionDate "1999.11.18"]
[SourceQuality "1"]

1. e4 c5 2. Nf3 Nc6 3. d4 cxd4 4. Nxd4 Qc7 5. Nc3 e6 6. Be3 a6 7. Bd3 Nf6 8. 0-0 Bd6 9. h3 Bf4 10. Bxf4 Qxf4 11. Nde2 Qc7 12. f4 d6 13. Qe1 0-0 14. Qh4 h6 15. a3 Ne7 16. Rae1 Bd7 17. Kh1 Qc5 18. Qg3 Nc6 19. b4 Qh5 20. Ng1 Nd4 21. e5 dxe5 22. fxe5 Nd5 23. Ne4 Nf5 24. Qf2 Qh4 25. Qxh4 Nxh4 26. c4 Ne7 27. Nd6 Bc6 28. Be4 Bxe4 29. Rxe4 Nhf5 30. Ne2 Rfd8 31. c5 b6 32. g4 Nxd6 33. exd6 Nd5 34. Nf4 bxc5 35. bxc5 Rac8 36. Nxd5 exd5 37. Re7 Rxc5 38. d7 f6 39. Re8+ Kf7 40. Rxd8 Ke7 41. Rc8 1-0

[Event "Hotel Agro op"]
[Site "Budapest"]
[Date "1999.08.01"]
[Round "3"]
[White "Boer, Levente"]
[Black "Borocz, Istvan"]
[Result "1-0"]
[WhiteElo "2199"]
[BlackElo "2346"]
[PlyCount "101"]
[EventDate "1999.07.30"]
[EventType "swiss"]
[EventRounds "9"]
[EventCountry "HUN"]
[SourceTitle "EXT 2004"]
[Source "ChessBase"]
[SourceDate "2003.11.25"]
[SourceVersion "1"]
[SourceVersionDate "2003.11.25"]
[SourceQuality "1"]

1. e4 e5 2. Nf3 Nc6 3. Bb5 a6 4. Ba4 Nf6 5. 0-0 Be7 6. Re1 b5 7. Bb3 0-0 8. d3 d6 9. a4 Bg4 10. c3 Na5 11. Bc2 c5 12. Nbd2 Re8 13. Nf1 Bf8 14. h3 Bd7 15. Bg5 h6 16. Bxf6 Qxf6 17. axb5 axb5 18. Ne3 Be6 19. d4 cxd4 20. cxd4 Nc4 21. Rxa8 Rxa8 22. Nxc4 bxc4 23. d5 Bd7 24. Nd2 Bb5 25. b3 cxb3 26. Bxb3 Be7 27. Bc4 Bd7 28. Qe2 Bd8 29. Rb1 Ba5 30. Ra1 Qd8 31. Nb3 Bb6 32. Rxa8 Qxa8 33. Bb5 Bxb5 34. Qxb5 Qa7 35. Qe2 Qa4 36. Qd3 g6 37. g3 Qa2 38. Nd2 Bc5 39. Kf1 Qa1+ 40. Kg2 Qe1 41. h4 Qxf2+ 42. Kh3 Kg7 43. Nf3 Be3 44. Qd1 Bf4 45. gxf4 exf4 46. Qd4+ Qxd4 47. Nxd4 Kf6 48. Nf3 h5 49. Kg2 Ke7 50. Ng5 f6 51. Ne6 1-0

[Event "Papp Bela Memorial op"]
[Site "Budapest"]
[Date "1999.07.21"]
[Round "6"]
[White "Gonda, Laszlo"]
[Black "Boer, Levente"]
[Result "1-0"]
[WhiteElo "2089"]
[BlackElo "2199"]
[PlyCount "65"]
[EventDate "1999.07.14"]
[EventType "swiss"]
[EventRounds "9"]
[EventCountry "HUN"]
[SourceTitle "EXT 2004"]
[Source "ChessBase"]
[SourceDate "2003.11.25"]
[SourceVersion "1"]
[SourceVersionDate "2003.11.25"]
[SourceQuality "1"]

1. c4 e5 2. Nc3 Nc6 3. g3 g6 4. Bg2 d6 5. e4 Bg7 6. Nge2 Be6 7. d3 Qd7 8. 0-0 Nge7 9. Rb1 0-0 10. Nd5 f5 11. Bg5 h6 12. Nxe7+ Nxe7 13. Bxe7 Qxe7 14. exf5 gxf5 15. Bxb7 Rab8 16. Bg2 f4 17. Nc3 Qf7 18. Qf3 Qg6 19. Nd5 Rf7 20. Qe2 Bg4 21. Bf3 Bh3 22. Rfe1 Qg5 23. Kh1 fxg3 24. Rg1 Bg4 25. Bxg4 Rxf2 26. Qxf2 gxf2 27. Be6+ Kh8 28. Rxg5 hxg5 29. Kg2 e4 30. dxe4 Bxb2 31. Bf5 c5 32. Ne3 Kg7 33. Nd1 1-0

[Event "Cseppko op-A 08th"]
[Site "Aggtelek"]
[Date "1999.07.09"]
[Round "6"]
[White "Boer, Levente"]
[Black "Bogdan, Dan"]
[Result "0-1"]
[WhiteElo "2199"]
[BlackElo "2366"]
[PlyCount "80"]
[EventDate "1999.07.11"]
[EventType "swiss"]
[EventRounds "9"]
[EventCountry "HUN"]
[SourceTitle "EXT 2001"]
[Source "ChessBase"]
[SourceDate "2000.11.22"]
[SourceVersion "1"]
[SourceVersionDate "2000.11.22"]
[SourceQuality "1"]

1. e4 c5 2. Nc3 Nc6 3. g3 g6 4. Bg2 Bg7 5. d3 d6 6. Bg5 Nd4 7. Qd2 Qa5 8. a3 Nf6 9. h3 Nd7 10. Bxe7 Nxc2+ 11. Qxc2 Kxe7 12. Nge2 Re8 13. 0-0 Kf8 14. Nd5 Qd8 15. Nec3 Nf6 16. Ne3 Kg8 17. Kh2 Rb8 18. a4 b6 19. f4 Bb7 20. Rae1 a6 21. g4 Qd7 22. g5 Nh5 23. Ncd5 Bxd5 24. Nxd5 f6 25. f5 Rf8 26. Bf3 fxg5 27. Bxh5 Be5+ 28. Kh1 gxh5 29. Rg1 h6 30. Qd2 Kh7 31. Qe2 Qf7 32. Qf3 Kh8 33. Ref1 Bxb2 34. Nf4 Bd4 35. Ng6+ Qxg6 36. fxg6 Rxf3 37. Rxf3 Bxg1 38. Kxg1 b5 39. Rf6 b4 40. Rf2 Kg7 0-1